| 000 | 01075nam a22003257a 4500 | ||
|---|---|---|---|
| 003 | CHAP | ||
| 005 | 20220329133549.0 | ||
| 008 | 971013s1993 r 00010 d | ||
| 010 | _a7921 | ||
| 011 | _a8893 | ||
| 035 | _a8125 | ||
| 040 | _cCHAP | ||
| 090 | _aTesis | ||
| 100 | 0 | 0 |
_aCoria Quiñones, Felipe Norberto. _927997 |
| 245 | _aPrograma de manejo forestal ejido La Victoria, P. N., Dgo. | ||
| 260 |
_aChapingo, Méx. : _bEl autor, _c1993 |
||
| 300 | _a97 h. | ||
| 502 | _aTesis (Ing. Agr. Esp. en Bosques) -- UACH. División de Ciencias Forestales | ||
| 590 |
_aALEPH _b10 _c20130110 _lUCH01 _h1220 |
||
| 590 |
_aBATCH-UPD _b10 _c20130110 _lUCH01 _h0128 |
||
| 590 |
_aBATCH-UPD _b10 _c20130110 _lUCH01 _h2256 |
||
| 590 |
_aBATCH-UPD _b10 _c20130409 _lUCH01 _h2123 |
||
| 590 |
_aBATCH-UPD _b10 _c20130410 _lUCH01 _h1550 |
||
| 590 |
_aBATCH-UPD _b10 _c20130914 _lUCH01 _h0704 |
||
| 590 |
_aCONVERSION _b10 _c20130109 _lUCH01 _h1305 |
||
| 650 | 1 | 4 |
_aBosques _xAdministración _xDurango. _914014 |
| 901 | _aBK | ||
| 942 | _cTESIS | ||
| 949 |
_bBC _cTES _d-18264 _eTS1 _h26097 _i8125 _si |
||
| 999 |
_c7921 _d7921 |
||